| 000 | 01014nam a22002537a 4500 | ||
|---|---|---|---|
| 999 |
_c64566 _d64566 |
||
| 005 | 20240530110738.0 | ||
| 008 | 180910s1985 ua g b 000 0 ara d | ||
| 017 |
_a85/3873 _bمصر. دار الكتب |
||
| 020 | _a9771430181 | ||
| 040 |
_aEG-CaGPL _cEG-CaGPL |
||
| 082 | 0 | 4 |
_221 _a215.1 / _bأ إ |
| 100 | 0 | _aاحمد بن محمد الاسدى الملكى | |
| 245 | 1 | 0 |
_aاخبار الكرام باخبار المسجد الحرام / _cتاليف احمد بن محمد الاسدى الملكى ؛ تحقيق الحافظ غلام مصطفى |
| 260 |
_aالقاهرة : _bدار الصحوة، _c1985. |
||
| 300 |
_a255 ص. ؛ _c19 سم. |
||
| 504 | _aيشتمل على ارجاعات ببليوجرافية | ||
| 650 | 0 | 7 |
_2qrmak _aالحجر الاسود |
| 650 | 0 | 7 |
_2qrmak _aالمسجد الحرام |
| 650 | 0 | 7 |
_2qrmak _aالاحكام الشرعية |
| 651 | _2qrmak | ||
| 700 | 0 |
_aالحافظ غلام مصطفى _eمحقق |
|
| 942 |
_2ddc _cBK |
||